| Tag |
First Indicator |
Second Indicator |
Subfields |
| LEADER |
00000cam a2200000 a 4500 |
| 001 |
in00000014325 |
| 005 |
20151007052205.0 |
| 008 |
851030s1986 nyua b 10100 eng |
| 010 |
|
|
|a 85028088
|
| 020 |
|
|
|a 0306422115
|
| 035 |
|
|
|a (OCoLC)12836531
|
| 035 |
|
|
|9 AAA6690AM
|
| 040 |
|
|
|a DLC
|c DLC
|d m/c
|d OCL
|d TXA
|d UtOrBLW
|
| 049 |
|
|
|a TXAM
|c [A11462830]
|
| 050 |
0 |
0 |
|a QP702.C5
|b I58 1985
|
| 070 |
0 |
|
|a QP702.C5I58
|b 1985
|
| 082 |
0 |
|
|a 574.19/2482
|2 19
|
| 111 |
2 |
|
|a International Conference on Chitin and Chitosan
|n (3rd :
|d 1985 :
|c Senigallia, Italy)
|
| 245 |
1 |
0 |
|a Chitin in nature and technology /
|c edited by Riccardo Muzzarelli, Charles Jeuniaux, and Graham W. Gooday.
|
| 264 |
|
1 |
|a New York :
|b Plenum Press,
|c [1986]
|
| 264 |
|
4 |
|c ©1986
|
| 300 |
|
|
|a x, 583 pages :
|b illustrations ;
|c 26 cm.
|
| 336 |
|
|
|a text
|b txt
|2 rdacontent
|
| 337 |
|
|
|a unmediated
|b n
|2 rdamedia
|
| 338 |
|
|
|a volume
|b nc
|2 rdacarrier
|
| 500 |
|
|
|a "Proceedings of the Third International Conference on Chitin and Chitosan, held April 1-4, 1985, in Senigallia, Italy"--Verso of title page.
|
| 504 |
|
|
|a Includes bibliographies and indexes.
|
| 650 |
|
0 |
|a Chitin
|x Congresses.
|
| 650 |
|
0 |
|a Chitosan
|x Congresses.
|
| 700 |
1 |
|
|a Muzzarelli, Riccardo A. A.,
|d 1937-
|
| 700 |
1 |
|
|a Jeuniaux, Charles.
|
| 700 |
1 |
|
|a Gooday, G. W.,
|d 1942-
|
| 999 |
|
|
|a MARS
|
| 999 |
f |
f |
|s 330d3184-2893-3386-9fe1-71dda0604164
|i 2c66ec24-e34a-32c7-8d32-14d810f2644d
|t 0
|
| 952 |
f |
f |
|p normal
|a Texas A&M University
|b College Station
|c Sterling C. Evans Library
|d Evans: Library Stacks
|t 0
|e QP702.C5 I58 1985
|h Library of Congress classification
|i unmediated -- volume
|m A14811462830
|
| 998 |
f |
f |
|a QP702.C5 I58 1985
|t 0
|l Evans: Library Stacks
|